000 00936aam a2200313 i 4500
001 768714001
003 CO-MdFUSB
005 20250521091932.0
007 ta
008 250520t1992 ck ||||| |||| 00| 0 spa d
020 _a1-56063-128-7
040 _cCO-MdFUSB
041 0 _aspa
082 0 4 _223
_a248.4
_bC8831d
100 1 _aCrabb, Larry
_eautor
240 _aInside out
245 1 0 _aDe adentro hacia afuera :
_bel verdadero cambio es posible si usted está dispuesto a comenzar
_c/ Larry Crabb ; traducido por Raúl Gines Acosta
264 1 _bUnilit,
_aMiami, FL., USA :
_c[1992]
264 4 _c©1992
300 _a251 páginas
336 _atexto
_btxt
_2rdacontent
337 _2rdamedia
_asin mediación
_bn
338 _2rdacarrier
_avolumen
_bnc
563 _aRústico
650 1 0 _aVida cristiana
_919
700 _aGines Acosta, Raúl,
_911546
_etraductor
942 _cBK
945 _aElías Tolentino
999 _c32293
_d32293